01550nam a2200325 a 450000100100000000500170001000800410002702000150006804000250008304100380010808200180014610000270016424000700019124501040026126000700036530000280043549000410046349000410050450000370054553400940058265000490067665000520072565000540077770000340083183000840086504900090094995201220095895201270108099900170120700002439020200930022950.0110126s1991 ag a 000 | spa d a9506942013 aDO-SdBNPbspacBNPHU17aenghspa2Código de idioma MARC a327.73bN994n1 aNye., Joseph S.95001710aBound to lead : the changing nature of american power.lEspañol13aLa naturaleza cambiante del poder norteamericano /cJoseph S. Nye; traducción de Cristina Piña. aBuenos Aries, (Argentina) :bGrupo Editor Latinoamericano,c1991. a245 p. :bil. ;c20 cm.1 aEstudios Internationalesv212,v312.1 aEstudios Políticos Internacionales aIncluye notas e índice general aTítulodel original en inglés :tBound to lead : the changing nature of american power 4aEstados unidosxRelaciones exteriores950018 4aPolítica internacionalzEstados Unidos950019 4aRelaciones internacionalesxEstados unidos9500201 aPiña, Cristina,etr.947086 0aEstudios Internationales;pEstudios Políticos Internacionalesv212.312950021 aBNRG 001054708MOaGRbGRcCTd2011-01-26iLF1l0o327.73 N994np24390-10r2020-06-25w2020-06-25y4ZPréstamo en sala 001054728MOaGRbGRcCTd2011-02-15iLF1l0o327.73 N994np24390-20r2020-06-25te.2w2020-06-25y4ZPréstamo en sala c23883d23883